[Event "SVK Amateur-ch 2020"]
[Site "Topolcany"]
[Date "2020.07.10"]
[Round "2.8"]
[White "Holly, Andrej"]
[Black "Viczencz, Peter"]
[Result "1/2-1/2"]
[WhiteElo "2011"]
[BlackElo "2190"]
[Annotator "TA"]
[PlyCount "101"]
[EventDate "2020.07.10"]
[EventType "swiss"]
[EventCountry "SVK"]
[SourceTitle "playchess.com"]
[Source "ChessBase"]
[SourceQuality "1"]

{[%evp 18,101,13,-13,103,92,96,-32,-32,-39,-26,-68,-63,-81,-88,-83,-84,-77,-68,-110,-110,-113,-111,-107,-126,-125,-125,-125,-125,-125,-118,-120,-118,-126,-121,-125,-126,-129,-125,-145,-145,-145,-93,-111,-46,-29,-39,-25,0,-169,-136,-137,8,13,68,41,166,161,165,166,146,169,187,170,152,138,147,122,29988,29989,29995,365,906,861,861,-8,-8,-8,35,35,37,25,64,67,71,-976]} 1. c4 e5 2. g3 Nf6 3. Bg2 d5 4. cxd5 Nxd5 5. Nc3 Nb6 6. Nf3 Nc6 7. O-O Be7 8. a3 O-O 9. b4 {[%cal Bb2b4,Bb4b5][%mdl 32]} Be6 10. Rb1 a5 {A29: English Opening: Four Knights Variation with 4 g3.} (10... a6 $11) 11. b5 $16 Nd4 {[#]} 12. e3 $146 ({White must play} 12. Nxe5 $16 Qd6 13. Nf3) ({Predecessor:} 12. Nxe5 Qd6 13. Nf3 Rad8 14. d3 Nd5 15. Ne4 Nxf3+ 16. Bxf3 Qd7 17. Bb2 f5 18. Nd2 {1-0 (44) Schubert,F (2465)-Wilczek,T (2599) ICCF email 2012}) 12... Nxf3+ $15 {Black is slightly better.} 13. Bxf3 Bf5 14. e4 Be6 15. d3 a4 16. Bb2 Bb3 17. Qe2 f6 18. Qe3 Bc2 19. Rbc1 Qxd3 20. Qxd3 Bxd3 21. Rfd1 {[#]} Bc4 $1 22. Nd5 Bxd5 $1 23. exd5 Bd6 24. Rd2 f5 25. Bd1 Rad8 26. Bf3 Rf7 27. Be2 Rfd7 28. Bc4 e4 29. Ba2 Kh8 (29... Kf8 $142 30. Rdc2 g6) 30. Kg2 Be7 (30... Re8 $17 31. Re2 Bf8) 31. Rdc2 Bg5 32. Rd1 f4 {[#]} 33. Be5 $2 (33. d6 $1 $11 {[%mdl 512] and White has nothing to worry.}) 33... f3+ $19 ({Much less strong is} 33... Nxd5 34. Kh3 $15) 34. Kh3 Rc8 (34... Nxd5 $17 {Threatens to win with ...e3.} 35. Rxd5 Rxd5 36. Bxd5 Rxd5 {[%mdl 64] Double Attack} 37. Rxc7 {[%mdl 64] Double Attack} h5) 35. Bd4 $11 {Strongly threatening Bxb6.} Re8 {[#]} (35... Rcd8 $11) 36. d6 $1 $14 {[%mdl 512]} Rxd6 ({Black should try} 36... Na8 $14) (36... cxd6 37. Bxb6) 37. Rxc7 $18 {[%csl Gc7][%cal Rd4g7][%mdl 64] Double Attack} Bf6 {[#]} 38. Bxf6 $1 {[%mdl 512]} Rxf6 {[#]} 39. Re7 $3 {[%mdl 512]} Rh6+ {[#]} (39... Rxe7 40. Rd8+) 40. Kg4 $1 {[%cal Re7e8][%mdl 512]} Rf8 41. Rxe4 Rxh2 {[#]} 42. Rf4 $1 {[%cal Rf4f8][%mdl 512]} h5+ $2 {[%mdl 8192]} (42... Rxf4+ $16 43. Kxf4 g5+ 44. Kxg5 (44. Kxf3 g4+ 45. Ke3 Rh5 $16) 44... Kg7) 43. Kg5 Rxf4 44. Kxf4 $2 (44. Rd8+ {mates} Rf8 45. Rxf8+ Kh7 46. Bg8+ Kh8 47. Bf7+ {[%mdl 64] Discovered Attack} Kh7 48. Bg6#) 44... Rxf2 $2 {[%mdl 4096] Endgame KRB-KRN} (44... g6 45. Kxf3 Kg7) 45. Rd8+ Kh7 46. Bb1+ $2 (46. Bg8+ $18 Kh6 47. Rd6+ {[%mdl 64] Double Attack} g6 48. Rxb6) 46... g6 $11 47. Bxg6+ {[%mdl 64] Double Attack} Kg7 48. Bxh5 Nc4 49. Rd3 Ra2 {...f2 is the strong threat.} 50. Bxf3 Rxa3 51. Ke4 $2 {[%mdl 40960] Accuracy: White = 73%, Black = 48%. . An unexpected result.} (51. Rd7+ $16 Kf8 52. Bxb7 (52. Rxb7 Nd6 $14)) 1/2-1/2

[Event "SVK Amateur-ch 2020"]
[Site "Topolcany"]
[Date "2020.07.10"]
[Round "2.9"]
[White "Lach, Piotr"]
[Black "Wozniak Marcin"]
[Result "1/2-1/2"]
[WhiteElo "2086"]
[BlackElo "1864"]
[Annotator "ChessBase"]
[PlyCount "41"]
[EventDate "2020.07.10"]
[EventType "swiss"]
[EventCountry "SVK"]
[SourceTitle "playchess.com"]
[Source "ChessBase"]
[SourceQuality "1"]
[TimeControl "3600+30"]

1. e4 {[%emt 0:00:00]} e5 {[%emt 0:00:00]} 2. Nf3 {[%emt 0:00:00]} Nc6 {[%emt 0:00:00]} 3. Bc4 {[%emt 0:00:00]} Nf6 {[%emt 0:00:41]} 4. d3 {[%emt 0:00:15]} Bc5 {[%emt 0:00:38]} 5. O-O {[%emt 0:00:34]} d6 {[%emt 0:00:53]} 6. c3 {[%emt 0:00:20]} Bb6 {[%emt 0:13:50]} 7. Bb3 {[%emt 0:01:27]} Bg4 {[%emt 0:03:51]} 8. h3 {[%emt 0:02:38]} Be6 {[%emt 0:02:19]} 9. Nbd2 {[%emt 0:07:27]} Qd7 {[%emt 0:01:42]} 10. Bxe6 {[%emt 0:03:58]} fxe6 {[%emt 0:00:17]} 11. Nc4 {[%emt 0:00:26]} Ne7 {[%emt 0:15:39]} 12. Qb3 {[%emt 0:13:56]} h6 {[%emt 0:12:08]} 13. a4 {[%emt 0:01:24]} c5 {[%emt 0:00:05]} 14. a5 {[%emt 0:13:49]} Bc7 {[%emt 0:02:29]} 15. Qxb7 {[%emt 0:03:26]} O-O {[%emt 0:05:36]} 16. Qb3 {[%emt 0:00:47]} Ng6 {[%emt 0:03:04]} 17. Qd1 {[%emt 0:05:10]} Qf7 {[%emt 0:01:28]} 18. Na3 {[%emt 0:01:19]} Rad8 {[%emt 0:00:44]} 19. Qe2 {[%emt 0:01:01]} Nh5 {[%emt 0:01:01]} 20. Ne1 {[%emt 0:04:55]} Nhf4 {[%emt 0:00:27]} 21. Qe3 {[%emt 0:01:37]} 1/2-1/2

[Event "SVK Amateur-ch 2020"]
[Site "Topolcany"]
[Date "2020.07.10"]
[Round "2.9"]
[White "Osmanovic, Faruk"]
[Black "Varga, Marcell"]
[Result "0-1"]
[WhiteElo "1999"]
[BlackElo "2150"]
[Annotator "TA"]
[PlyCount "66"]
[EventDate "2020.07.10"]
[EventType "swiss"]
[EventCountry "SVK"]
[SourceTitle "playchess.com"]
[Source "ChessBase"]
[SourceQuality "1"]

{[%evp 9,66,7,13,7,22,12,16,6,6,-22,-17,-19,1,4,20,1,57,-20,-16,-14,-20,-14,-19,-41,-33,-69,-64,-102,-94,-94,-103,-425,-420,-413,-413,-611,-611,-608,-597,-928,-922,-845,-840,-1936,-1735,-1739,-943,-5872,-5827,-29980,-29981,-29981,-29982,-29984,-29985,-29985,-29985,-29984,-29985]} 1. d4 Nf6 2. Nf3 e6 3. c4 d5 4. e3 Be7 5. Bd3 O-O 6. O-O {D30: Queen's Gambit Declined: Systems without Nc3.} b6 7. b3 dxc4 8. Bxc4 {The position is equal.} Bb7 9. Ne5 Nbd7 10. Bb2 Nxe5 11. dxe5 Nd5 12. Qg4 {[#]} Bc5 $146 (12... Kh8 $11) ({Predecessor:} 12... c5 13. Rd1 Qc8 14. a3 Rd8 15. Nd2 Bf8 16. Ne4 a6 17. Nd6 Qc7 18. e4 b5 19. exd5 bxc4 20. dxe6 {1-0 (20) Cunha,L (2172)-Reis,E (1955) Brasilia 2012}) 13. Nc3 ({White should try} 13. Rd1 $14) 13... Nxc3 $11 14. Bxc3 Qe7 15. Bd3 {And now b4 would win.} a5 16. Qh5 {[%csl Gd3][%cal Rh5h7]} g6 $36 {[%mdl 2048] Black has some pressure.} 17. Qh6 Rfd8 18. Rad1 {[#]} Rxd3 $1 {[%mdl 576] Remove Defender} 19. Rxd3 {Strongly threatening Rfd1.} Ba6 20. Rfd1 $2 {[%mdl 8192] This move loses the game for White.} (20. Rd2 $17 {is a better chance.} Bxf1 21. Kxf1) 20... Bxd3 $19 21. Rxd3 Rd8 22. Rd2 (22. Rxd8+ $142 Qxd8 23. Bd4) 22... Rxd2 23. Bxd2 Qd8 24. h4 Qxd2 25. Qf4 Qxa2 26. h5 Qb1+ 27. Kh2 Qf5 {aiming for ...Qxf4+.} 28. Qg3 Qxh5+ 29. Kg1 Qd1+ {[%mdl 64] [#] Double Attack. Black mates.} 30. Kh2 Qxb3 31. Qg5 a4 {[%cal Ba5a4,Ba4a3][%mdl 32]} 32. Qd8+ Bf8 33. Qxc7 a3 {Accuracy: White = 40%, Black = 94%.} 0-1

[Event "SVK Amateur-ch 2020"]
[Site "Topolcany"]
[Date "2020.07.10"]
[Round "2.10"]
[White "Macko, Michal"]
[Black "Panko, Radoslav"]
[Result "1/2-1/2"]
[WhiteElo "2145"]
[BlackElo "2031"]
[Annotator "ChessBase"]
[PlyCount "91"]
[EventDate "2020.07.10"]
[EventType "swiss"]
[EventCountry "SVK"]
[SourceTitle "playchess.com"]
[Source "ChessBase"]
[SourceQuality "1"]
[TimeControl "3600+30"]

1. d4 {[%emt 0:00:00]} e6 {[%emt 0:00:00]} 2. Bf4 {[%emt 0:00:00]} Nf6 {[%emt 0:00:13]} 3. e3 {[%emt 0:00:00]} b6 {[%emt 0:00:14]} 4. Nd2 {[%emt 0:00:28]} Bb7 {[%emt 0:00:08]} 5. Ngf3 {[%emt 0:00:05]} h6 {[%emt 0:00:39]} 6. h3 {[%emt 0:00:29]} d6 {[%emt 0:03:32]} 7. Bd3 {[%emt 0:01:50]} Nbd7 {[%emt 0:01:28]} 8. c3 {[%emt 0:02:15]} g5 {[%emt 0:03:36]} 9. Bg3 {[%emt 0:00:42]} Bg7 {[%emt 0:05:40]} 10. Qe2 {[%emt 0:03:56]} a6 {[%emt 0:08:33]} 11. a4 {[%emt 0:05:15]} Qe7 {[%emt 0:05:56]} 12. a5 {[%emt 0:04:20]} b5 {[%emt 0:00:50]} 13. c4 {[%emt 0:02:07]} e5 {[%emt 0:02:05]} 14. Bf5 {[%emt 0:01:04]} exd4 {[%emt 0:02:48]} 15. exd4 {[%emt 0:00:21]} Qxe2+ {[%emt 0:00:45]} 16. Kxe2 {[%emt 0:00:04]} bxc4 {[%emt 0:03:25]} 17. Nxc4 {[%emt 0:00:26]} Nh5 {[%emt 0:00:10]} 18. Kd3 {[%emt 0:00:56]} Nxg3 {[%emt 0:02:47]} 19. fxg3 {[%emt 0:00:30]} Nf6 {[%emt 0:00:35]} 20. Ne3 {[%emt 0:02:35]} Nh5 {[%emt 0:00:58]} 21. Rhc1 {[%emt 0:00:48]} Kd8 {[%emt 0:00:45]} 22. Nf1 {[%emt 0:00:58]} Re8 {[%emt 0:01:41]} 23. Ra4 {[%emt 0:01:33]} Rb8 {[%emt 0:01:18]} 24. Rac4 {[%emt 0:01:44]} Re7 {[%emt 0:02:31]} 25. Bg4 {[%emt 0:04:53]} Nf6 {[%emt 0:00:20]} 26. Ne3 {[%emt 0:00:06]} Nxg4 {[%emt 0:02:17]} 27. hxg4 {[%emt 0:01:35]} Be4+ {[%emt 0:00:31]} 28. Kc3 {[%emt 0:02:01]} c5 {[%emt 0:00:31]} 29. Nf5 {[%emt 0:00:26]} Bxf5 {[%emt 0:00:38]} 30. gxf5 {[%emt 0:00:07]} Rb5 {[%emt 0:14:34]} 31. Kd3 {[%emt 0:04:02]} Rxa5 {[%emt 0:00:45]} 32. dxc5 {[%emt 0:00:23]} dxc5 {[%emt 0:00:22]} 33. Rxc5 {[%emt 0:00:28]} Rd7+ {[%emt 0:00:15]} 34. Ke2 {[%emt 0:01:43]} Rxc5 {[%emt 0:00:38]} 35. Rxc5 {[%emt 0:00:05]} Bxb2 {[%emt 0:00:05]} 36. Rc6 {[%emt 0:00:21]} Ra7 {[%emt 0:04:22]} 37. Kd3 {[%emt 0:00:41]} a5 {[%emt 0:01:11]} 38. Kc2 {[%emt 0:00:01]} Bg7 {[%emt 0:00:07]} 39. Kb3 {[%emt 0:00:25]} a4+ {[%emt 0:00:51]} 40. Ka2 {[%emt 0:00:05]} Kd7 {[%emt 0:00:40]} 41. f6 {[%emt 0:02:34]} Kxc6 {[%emt 0:00:49]} 42. fxg7 {[%emt 0:00:28]} Ra8 {[%emt 0:00:04]} 43. Nd4+ {[%emt 0:00:03]} Kd5 {[%emt 0:01:10]} 44. Nf5 {[%emt 0:00:15]} Kc5 45. g4 Rg8 46. g3 1/2-1/2

[Event "SVK Amateur-ch 2020"]
[Site "Topolcany"]
[Date "2020.07.10"]
[Round "2.10"]
[White "Szitas, Gabor"]
[Black "Adda Peter"]
[Result "1-0"]
[WhiteElo "2082"]
[BlackElo "1000"]
[Annotator "ChessBase"]
[PlyCount "65"]
[EventDate "2020.07.10"]
[EventType "swiss"]
[EventCountry "SVK"]
[SourceTitle "playchess.com"]
[Source "ChessBase"]
[SourceQuality "1"]
[TimeControl "3600+30"]

1. e4 {[%emt 0:00:00]} c5 {[%emt 0:00:00]} 2. Nf3 {[%emt 0:00:00]} Nc6 {[%emt 0:00:00]} 3. Bb5 {[%emt 0:00:00]} g6 {[%emt 0:00:03]} 4. O-O {[%emt 0:00:05]} Bg7 {[%emt 0:00:08]} 5. Nc3 {[%emt 0:00:19]} d6 {[%emt 0:01:36]} 6. d3 {[%emt 0:01:18]} Nf6 {[%emt 0:00:51]} 7. e5 {[%emt 0:01:52]} dxe5 {[%emt 0:01:09]} 8. Nxe5 {[%emt 0:00:06]} Bd7 {[%emt 0:00:17]} 9. Nxd7 {[%emt 0:00:11]} Qxd7 {[%emt 0:00:10]} 10. Qf3 {[%emt 0:03:58]} Rc8 {[%emt 0:01:29]} 11. Be3 {[%emt 0:05:12]} a6 {[%emt 0:08:00]} 12. Bxc6 {[%emt 0:00:26]} Qxc6 {[%emt 0:00:16]} 13. Qxc6+ {[%emt 0:01:19]} Rxc6 {[%emt 0:00:09]} 14. Rab1 {[%emt 0:01:28]} e6 {[%emt 0:03:30]} 15. Rfe1 {[%emt 0:04:16]} O-O {[%emt 0:00:43]} 16. Bd2 {[%emt 0:08:50]} Rd8 {[%emt 0:01:52]} 17. b3 {[%emt 0:05:50]} b5 {[%emt 0:14:30]} 18. a4 {[%emt 0:12:24]} b4 {[%emt 0:01:07]} 19. Ne4 {[%emt 0:00:22]} Nd5 {[%emt 0:04:51]} 20. Kf1 {[%emt 0:01:54]} h6 {[%emt 0:01:15]} 21. h4 {[%emt 0:06:12]} f5 {[%emt 0:03:58]} 22. Ng3 {[%emt 0:00:14]} Kf7 {[%emt 0:01:54]} 23. Ne2 {[%emt 0:00:37]} a5 {[%emt 0:01:17]} 24. g3 {[%emt 0:01:49]} Nb6 {[%emt 0:10:32]} 25. Rbd1 {[%emt 0:03:49]} Nd5 {[%emt 0:03:58]} 26. Ng1 {[%emt 0:00:46]} Bc3 {[%emt 0:02:20]} 27. Nf3 {[%emt 0:00:15]} Bg7 {[%emt 0:02:37]} 28. Bxh6 {[%emt 0:00:43]} Nc3 {[%emt 0:01:24]} 29. Bxg7 {[%emt 0:02:08]} Nxd1 {[%emt 0:02:58]} 30. Ne5+ {[%emt 0:00:20]} Kxg7 {[%emt 0:00:08]} 31. Nxc6 {[%emt 0:00:07]} Rd6 {[%emt 0:00:30]} 32. Nxa5 {[%emt 0:00:28]} Nc3 {[%emt 0:00:14]} 33. Nb7 {[%emt 0:01:27]} 1-0

[Event "SVK Amateur-ch 2020"]
[Site "Topolcany"]
[Date "2020.07.10"]
[Round "2.11"]
[White "Kucera, Michal"]
[Black "Oprea, Erik"]
[Result "0-1"]
[WhiteElo "1978"]
[BlackElo "2113"]
[Annotator "ChessBase"]
[PlyCount "78"]
[EventDate "2020.07.10"]
[EventType "swiss"]
[EventCountry "SVK"]
[SourceTitle "playchess.com"]
[Source "ChessBase"]
[SourceQuality "1"]
[TimeControl "3600+30"]

1. e4 {[%emt 0:00:00]} d6 {[%emt 0:00:00]} 2. d4 {[%emt 0:00:00]} Nd7 {[%emt 0:00:00]} 3. f4 {[%emt 0:00:33]} e5 {[%emt 0:01:06]} 4. Nf3 {[%emt 0:03:05]} Ngf6 {[%emt 0:01:07]} 5. Nc3 {[%emt 0:02:46]} exd4 {[%emt 0:01:04]} 6. Qxd4 {[%emt 0:01:53]} Nc5 {[%emt 0:05:22]} 7. Bc4 {[%emt 0:02:53]} Ne6 {[%emt 0:00:55]} 8. Qd3 {[%emt 0:01:29]} Be7 {[%emt 0:03:21]} 9. Bd2 {[%emt 0:05:47]} O-O {[%emt 0:00:12]} 10. O-O {[%emt 0:00:59]} c6 {[%emt 0:01:00]} 11. Kh1 {[%emt 0:02:24]} b5 {[%emt 0:00:29]} 12. Bxe6 {[%emt 0:02:56]} fxe6 {[%emt 0:06:25]} 13. Nd4 {[%emt 0:06:31]} Bd7 {[%emt 0:02:57]} 14. Qe2 {[%emt 0:02:17]} b4 {[%emt 0:00:42]} 15. Nd1 {[%emt 0:03:44]} c5 {[%emt 0:01:32]} 16. Nf3 {[%emt 0:05:37]} Qb6 {[%emt 0:02:03]} 17. c4 {[%emt 0:02:41]} Qb7 {[%emt 0:12:42]} 18. Nf2 {[%emt 0:00:48]} Nh5 {[%emt 0:00:39]} 19. Nd3 {[%emt 0:02:23]} g6 {[%emt 0:01:44]} 20. b3 {[%emt 0:01:27]} Bc6 {[%emt 0:00:37]} 21. Rae1 {[%emt 0:00:19]} a5 {[%emt 0:00:58]} 22. g4 {[%emt 0:04:10]} Ng7 {[%emt 0:01:56]} 23. h4 {[%emt 0:00:46]} a4 {[%emt 0:02:07]} 24. Kh2 {[%emt 0:01:08]} axb3 {[%emt 0:00:15]} 25. axb3 {[%emt 0:00:06]} Ra2 {[%emt 0:02:01]} 26. Nc1 {[%emt 0:00:47]} Rb2 {[%emt 0:00:42]} 27. Qe3 {[%emt 0:04:56]} Ne8 {[%emt 0:06:15]} 28. Re2 {[%emt 0:00:59]} Nf6 {[%emt 0:00:23]} 29. Rg1 {[%emt 0:03:15]} Nxe4 {[%emt 0:01:41]} 30. h5 {[%emt 0:01:29]} Rf7 {[%emt 0:03:40]} 31. Ng5 {[%emt 0:01:32]} Bxg5 {[%emt 0:02:35]} 32. fxg5 {[%emt 0:00:06]} d5 {[%emt 0:00:51]} 33. Be1 {[%emt 0:02:17]} d4 {[%emt 0:01:03]} 34. Qd3 {[%emt 0:01:38]} Qb8+ {[%emt 0:02:52]} 35. Bg3 {[%emt 0:01:16]} Nxg3 {[%emt 0:00:11]} 36. Qxg3 {[%emt 0:00:38]} Rxe2+ {[%emt 0:00:39]} 37. Nxe2 {[%emt 0:00:17]} Qf8 {[%emt 0:00:20]} 38. Re1 {[%emt 0:00:57]} Rf2+ {[%emt 0:00:32]} 39. Kh3 {[%emt 0:00:15]} Rf3 {[%emt 0:00:42]} 0-1

[Event "SVK Amateur-ch 2020"]
[Site "Topolcany"]
[Date "2020.07.10"]
[Round "2.11"]
[White "Mazak Vladimir"]
[Black "Cedzo Adam"]
[Result "0-1"]
[WhiteElo "1000"]
[BlackElo "1974"]
[Annotator "ChessBase"]
[PlyCount "40"]
[EventDate "2020.07.10"]
[EventType "swiss"]
[EventCountry "SVK"]
[SourceTitle "playchess.com"]
[Source "ChessBase"]
[SourceQuality "1"]
[TimeControl "3600+30"]

1. e4 {[%emt 0:00:00]} e5 {[%emt 0:00:00]} 2. f4 {[%emt 0:00:00]} d6 {[%emt 0:00:07]} 3. Nf3 {[%emt 0:00:00]} Nc6 {[%emt 0:00:05]} 4. Bc4 {[%emt 0:00:01]} Be7 {[%emt 0:00:31]} 5. O-O {[%emt 0:01:24]} Nf6 {[%emt 0:00:23]} 6. Ng5 {[%emt 0:05:16]} O-O {[%emt 0:01:23]} 7. Nxf7 {[%emt 0:01:41]} Rxf7 {[%emt 0:01:20]} 8. Bxf7+ {[%emt 0:01:14]} Kxf7 {[%emt 0:00:06]} 9. fxe5 {[%emt 0:02:13]} dxe5 {[%emt 0:00:53]} 10. Nc3 {[%emt 0:05:12]} Kg8 {[%emt 0:01:06]} 11. Qe2 {[%emt 0:03:38]} Nd4 {[%emt 0:00:44]} 12. Qc4+ {[%emt 0:07:13]} Be6 {[%emt 0:00:33]} 13. Nd5 {[%emt 0:00:51]} Nxd5 {[%emt 0:01:33]} 14. exd5 {[%emt 0:03:45]} Bxd5 {[%emt 0:00:11]} 15. Qd3 {[%emt 0:00:23]} Bc5 {[%emt 0:01:22]} 16. Kh1 {[%emt 0:00:03]} Qg5 {[%emt 0:00:46]} 17. Qh3 {[%emt 0:00:47]} Qg6 {[%emt 0:03:02]} 18. b4 {[%emt 0:02:32]} Nxc2 {[%emt 0:01:36]} 19. bxc5 {[%emt 0:01:03]} Nxa1 {[%emt 0:00:17]} 20. Bb2 {[%emt 0:00:50]} Nc2 {[%emt 0:00:25]} 0-1

[Event "SVK Amateur-ch 2020"]
[Site "Topolcany"]
[Date "2020.07.10"]
[Round "2.12"]
[White "Balint, Vilmos"]
[Black "Vargyas, Zoltan"]
[Result "1-0"]
[WhiteElo "2143"]
[BlackElo "2023"]
[Annotator "ChessBase"]
[PlyCount "63"]
[EventDate "2020.07.10"]
[EventType "swiss"]
[EventCountry "SVK"]
[SourceTitle "playchess.com"]
[Source "ChessBase"]
[SourceQuality "1"]
[TimeControl "3600+30"]

1. Nf3 {[%emt 0:00:00]} Nf6 {[%emt 0:00:00]} 2. g3 {[%emt 0:00:00]} g6 {[%emt 0:01:12]} 3. Bg2 {[%emt 0:00:00]} Bg7 {[%emt 0:00:07]} 4. c4 {[%emt 0:00:27]} O-O {[%emt 0:00:35]} 5. d4 {[%emt 0:00:13]} d6 {[%emt 0:01:50]} 6. O-O {[%emt 0:00:07]} Nc6 {[%emt 0:00:47]} 7. Nc3 {[%emt 0:00:15]} a6 {[%emt 0:00:57]} 8. h3 {[%emt 0:00:41]} Rb8 {[%emt 0:00:32]} 9. e3 {[%emt 0:05:32]} b5 {[%emt 0:05:06]} 10. Nd2 {[%emt 0:01:10]} Bd7 {[%emt 0:03:45]} 11. Qe2 {[%emt 0:02:23]} Re8 {[%emt 0:01:30]} 12. b3 {[%emt 0:04:53]} e5 {[%emt 0:01:25]} 13. d5 {[%emt 0:00:12]} Nd4 {[%emt 0:03:03]} 14. Qd1 {[%emt 0:02:11]} Nf5 {[%emt 0:07:09]} 15. Bb2 {[%emt 0:00:18]} bxc4 {[%emt 0:01:37]} 16. Nxc4 {[%emt 0:00:06]} Qc8 {[%emt 0:04:22]} 17. Rc1 {[%emt 0:02:18]} c5 {[%emt 0:08:46]} 18. e4 {[%emt 0:01:45]} Nd4 {[%emt 0:00:19]} 19. Nxd6 {[%emt 0:00:16]} Qd8 {[%emt 0:03:54]} 20. Nxe8 {[%emt 0:00:21]} Nxe8 {[%emt 0:00:16]} 21. Re1 {[%emt 0:10:06]} Nd6 {[%emt 0:00:34]} 22. Ne2 {[%emt 0:00:58]} Qa5 {[%emt 0:02:22]} 23. Nxd4 {[%emt 0:06:25]} exd4 {[%emt 0:01:02]} 24. e5 {[%emt 0:05:32]} Nf5 {[%emt 0:02:24]} 25. e6 {[%emt 0:00:13]} Be8 {[%emt 0:01:25]} 26. Re2 {[%emt 0:04:25]} Bh6 {[%emt 0:05:47]} 27. exf7+ {[%emt 0:00:49]} Bxf7 {[%emt 0:00:38]} 28. Rc4 {[%emt 0:01:49]} Rd8 {[%emt 0:02:12]} 29. Rec2 {[%emt 0:07:55]} Bf8 {[%emt 0:01:54]} 30. b4 {[%emt 0:00:45]} cxb4 {[%emt 0:00:35]} 31. g4 {[%emt 0:00:16]} Nh4 {[%emt 0:01:31]} 32. Qxd4 {[%emt 0:00:20]} 1-0

[Event "SVK Amateur-ch 2020"]
[Site "Topolcany"]
[Date "2020.07.10"]
[Round "2.12"]
[White "Mrkvik Jan"]
[Black "Rakovsky, Jakub"]
[Result "1-0"]
[WhiteElo "1942"]
[BlackElo "1644"]
[Annotator "ChessBase"]
[PlyCount "63"]
[EventDate "2020.07.10"]
[EventType "swiss"]
[EventCountry "SVK"]
[SourceTitle "playchess.com"]
[Source "ChessBase"]
[SourceQuality "1"]
[TimeControl "3600+30"]

1. d4 {[%emt 0:00:00]} d5 {[%emt 0:00:00]} 2. Nf3 {[%emt 0:00:20]} c5 {[%emt 0:00:55]} 3. e3 {[%emt 0:00:17]} Nc6 {[%emt 0:00:06]} 4. c4 {[%emt 0:00:08]} e6 {[%emt 0:00:40]} 5. Nc3 {[%emt 0:00:17]} Nf6 {[%emt 0:00:26]} 6. cxd5 {[%emt 0:00:51]} exd5 {[%emt 0:02:10]} 7. Bb5 {[%emt 0:02:11]} a6 {[%emt 0:00:40]} 8. Ba4 {[%emt 0:00:45]} cxd4 {[%emt 0:00:54]} 9. Nxd4 {[%emt 0:00:56]} Bd7 {[%emt 0:00:20]} 10. O-O {[%emt 0:03:19]} Rc8 {[%emt 0:00:40]} 11. Bb3 {[%emt 0:02:34]} Be6 {[%emt 0:02:16]} 12. Nxc6 {[%emt 0:02:48]} bxc6 {[%emt 0:00:24]} 13. Qd3 {[%emt 0:01:07]} a5 {[%emt 0:02:15]} 14. Rd1 {[%emt 0:02:42]} Bd6 {[%emt 0:01:07]} 15. e4 {[%emt 0:04:59]} Bb4 {[%emt 0:00:25]} 16. exd5 {[%emt 0:01:26]} cxd5 {[%emt 0:00:08]} 17. Nxd5 {[%emt 0:02:21]} Nxd5 {[%emt 0:01:10]} 18. Bxd5 {[%emt 0:00:22]} Qxd5 {[%emt 0:00:25]} 19. Qxd5 {[%emt 0:00:48]} Bxd5 {[%emt 0:00:03]} 20. Rxd5 {[%emt 0:00:12]} O-O {[%emt 0:02:56]} 21. a3 {[%emt 0:04:30]} Bc5 {[%emt 0:05:51]} 22. Bd2 {[%emt 0:02:14]} a4 {[%emt 0:01:23]} 23. Re1 {[%emt 0:03:37]} Rfd8 {[%emt 0:01:03]} 24. Rxd8+ {[%emt 0:03:44]} Rxd8 {[%emt 0:00:04]} 25. Bc3 {[%emt 0:00:23]} f6 {[%emt 0:00:19]} 26. g3 {[%emt 0:00:19]} Rd3 {[%emt 0:01:35]} 27. Kg2 {[%emt 0:01:22]} Bxa3 {[%emt 0:00:30]} 28. Re8+ {[%emt 0:02:19]} Bf8 {[%emt 0:02:57]} 29. Bb4 {[%emt 0:01:11]} Kf7 {[%emt 0:00:18]} 30. Rxf8+ {[%emt 0:00:23]} Ke6 {[%emt 0:00:03]} 31. Ra8 {[%emt 0:00:27]} Rb3 {[%emt 0:00:06]} 32. Bc3 {[%emt 0:00:24]} 1-0

[Event "SVK Amateur-ch 2020"]
[Site "Topolcany"]
[Date "2020.07.10"]
[Round "2.13"]
[White "Bielik, Miroslav"]
[Black "Janco, Darius"]
[Result "0-1"]
[WhiteElo "2133"]
[BlackElo "2003"]
[Annotator "ChessBase"]
[PlyCount "74"]
[EventDate "2020.07.10"]
[EventType "swiss"]
[EventCountry "SVK"]
[SourceTitle "playchess.com"]
[Source "ChessBase"]
[SourceQuality "1"]
[TimeControl "3600+30"]

1. d4 {[%emt 0:00:00]} g6 {[%emt 0:00:10]} 2. Nf3 {[%emt 0:00:00]} Bg7 {[%emt 0:00:19]} 3. c4 {[%emt 0:02:49]} Nf6 {[%emt 0:00:08]} 4. Nc3 {[%emt 0:00:19]} O-O {[%emt 0:01:57]} 5. Bf4 {[%emt 0:00:29]} d5 {[%emt 0:00:24]} 6. e3 {[%emt 0:00:19]} c5 {[%emt 0:01:16]} 7. dxc5 {[%emt 0:00:30]} Qa5 {[%emt 0:02:06]} 8. Qa4 {[%emt 0:03:12]} Qxc5 {[%emt 0:01:45]} 9. b4 {[%emt 0:11:30]} Qc6 {[%emt 0:01:22]} 10. b5 {[%emt 0:09:56]} Qc5 {[%emt 0:00:51]} 11. Qb3 {[%emt 0:00:25]} Nh5 {[%emt 0:05:05]} 12. Bxb8 {[%emt 0:14:45]} Rxb8 {[%emt 0:05:17]} 13. Rd1 {[%emt 0:00:37]} dxc4 {[%emt 0:02:21]} 14. Bxc4 {[%emt 0:00:19]} Bg4 {[%emt 0:00:06]} 15. Na4 {[%emt 0:02:14]} Qc7 {[%emt 0:02:14]} 16. Be2 {[%emt 0:05:52]} Qa5+ {[%emt 0:00:39]} 17. Nd2 {[%emt 0:01:05]} Be6 {[%emt 0:01:45]} 18. Bc4 {[%emt 0:00:21]} Bxc4 {[%emt 0:01:35]} 19. Qxc4 {[%emt 0:00:01]} Rbc8 {[%emt 0:00:10]} 20. Qb3 {[%emt 0:00:04]} Rfd8 {[%emt 0:02:44]} 21. Ke2 {[%emt 0:00:08]} a6 {[%emt 0:01:00]} 22. bxa6 {[%emt 0:05:21]} b5 {[%emt 0:01:25]} 23. Nc4 {[%emt 0:06:50]} bxc4 {[%emt 0:03:57]} 24. Qb6 {[%emt 0:00:04]} Bc3 {[%emt 0:10:15]} 25. a7 {[%emt 0:03:18]} Re8 {[%emt 0:04:48]} 26. Qxa5 {[%emt 0:00:03]} Bxa5 {[%emt 0:00:12]} 27. Rd7 {[%emt 0:00:46]} Nf6 {[%emt 0:00:53]} 28. Rb7 {[%emt 0:00:02]} Ra8 {[%emt 0:02:18]} 29. Rhb1 {[%emt 0:00:03]} Kg7 {[%emt 0:00:20]} 30. R1b5 {[%emt 0:00:08]} Bd8 {[%emt 0:01:21]} 31. Rc5 {[%emt 0:01:51]} Ne4 {[%emt 0:03:07]} 32. Rc6 {[%emt 0:00:41]} Nd6 {[%emt 0:00:46]} 33. Rd7 {[%emt 0:00:04]} Kf6 {[%emt 0:02:36]} 34. f3 {[%emt 0:00:09]} Ke6 {[%emt 0:00:44]} 35. Rdc7 {[%emt 0:02:29]} Bxc7 {[%emt 0:00:30]} 36. Rxc7 {[%emt 0:00:01]} Nb5 {[%emt 0:00:50]} 37. Rb7 {[%emt 0:00:32]} Nxa7 {[%emt 0:01:11]} 0-1